000 00669cam a2200241 4500500
005 20260329001257.0
041 _afre
042 _adc
100 1 0 _aDegiovanni, Clara
_eauthor
245 0 0 _aLa sonnerie du réveil, entre aliénation et liberté
260 _c2023.
500 _a36
690 _aBonheur
690 _aDécision
690 _aMotivation
690 _aSens
690 _aSouffrance au travail
690 _aStress
690 _aTravail
690 _aVie pro / vie perso
786 0 _nPhilonomist | - | 8 | 2023-08-23 | p. 4-6
856 4 1 _uhttps://shs.cairn.info/magazine-philonomist-2023-8-page-4?lang=fr&redirect-ssocas=7080
999 _c1803813
_d1803813